000 00663nam a2200229Ia 4500
001 16972
003 GE_BSU
008 181216s||||||||xx |||||||||||||| ||und||
040 _cGE_BSU
080 _a821.353.1-32
100 _aგორგილაძე, მიხეილ
245 _aბრძოლა მთაში
245 _bმოთხრობები
245 _cრედ.შ.ზოიძე
260 _aბათუმი
260 _bსაბჭ. აჭარა
260 _c1974
300 _a304გვ. ; 21სმ.
653 _aბრძოლა მთაში
653 _aმოთხრობები
942 _cBK
999 _c50034
_d50034